书目信息 |
| 题名: |
重庆谈判资料
|
|
| 作者: | ||
| 分册: | ||
| 出版信息: | 成都 四川人民出版社 1980 |
|
| 页数: | 212页 | |
| 开本: | 19cm | |
| 丛书名: | ||
| 单 册: | ||
| 中图分类: | K266.1 | |
| 科图分类: | ||
| 主题词: | 重庆谈判(1945)--史料 , 中国--历史 | |
| 电子资源: | ||
| ISBN: | ||
| 000 | 00576nam0 2200229 45 | |
| 001 | 0180000596 | |
| 005 | 20060425162229.56 | |
| 010 | @dCNY0.60 | |
| 091 | @a1118.54 | |
| 100 | @a19950408d1980 em y0chiy0121 ea | |
| 101 | 0 | @achi |
| 102 | @aCN@b510000 | |
| 105 | @ay z 000yy | |
| 200 | 10 | @a重庆谈判资料@Achong qing tan pan zi liao |
| 210 | @a成都@c四川人民出版社@d1980 | |
| 215 | @a212页@d19cm | |
| 606 | @a重庆谈判(1945)@x史料 | |
| 606 | 0 | @a中国@x历史 |
| 690 | @aK266.1@v3 | |
| 801 | 2 | @aCN@bNLC@c20060425 |
| 801 | 0 | @aCN@b上海图书馆@c20040105 |
| 905 | @dK266.1@e3 | |
| 重庆谈判资料.-成都:四川人民出版社,1980 |
| 212页;19cm |
| ISBN :CNY0.60 |
| ● |
| 相关链接 |
|
|
|
|
正题名:重庆谈判资料
索取号:K266.1/3
 
预约/预借
| 序号 | 登录号 | 条形码 | 馆藏地/架位号 | 状态 | 备注 |
| 1 | 0075654 | 202261186 | 密集书库/ [索取号:K266.1/3] | 在馆 | |
| 2 | 0075655 | 000353824 | 第二样本阅览室/ [索取号:K266.1/3] | 在馆 | |
| 3 | 0075656 | 000353815 | 第二借阅区/ [索取号:K266.1/3] | 在馆 | |
| 4 | 0075657 | 001856584 | 密集书库/ [索取号:K266.1/3] | 在馆 | |
| 5 | 0075658 | 001856593 | 密集书库/ [索取号:K266.1/3] | 在馆 |